Phineas & Ferb Songs - Statistics

General Stats
  • This quiz has been taken 67 times
    51 since last reset
  • The average score is 17 of 23
Answer Stats
Question Answer % Correct
Oh Perry, I’m allergic to dairy, I’m gonna move to the prairie, and change my name to Larry Come Home Perry
95%
The boys are always up to something and it’s bringing me to tears cause just before you get home it always just magically disappears E.V.I.L.B.O.Y.S
95%
That’s what makes me say...hey Ferb, I know what we’re gonna do today! Hey Ferb
95%
We’re Phinedroids and Ferbots we're shutting down for the day Phinedroids and Ferbots
95%
Summer, it’s crickets and cicadas and a glass of lemonade. Summer, it’s sitting with your brother in the backyard under the shade of a big tree Summer (Where Do We Begin?)
90%
You take the first letter of every word, you add it to the end and then say erb Ferb Latin
85%
Sudiop budiop bedelebede dah Sudiop budiop bedelebede dah Sudiop budiop bedelebede dah budi bedede da ba da dadada! Quirky Worky Song
85%
Basically what we make here is rubber, we’re not really trying to diversify. Rubber Bands, Rubber Balls
85%
Do llamas weird you out? Yeah, are they camels or sheep? No, no, I meant Lorenzo. Oh that’s right, he played meep! Brand New Best Friend
80%
I’ve got a poisonous sting, when I rain I pour, I'm the best of the best, I’m the soup du jour, I’m smooth as glass and sharp as a tack I’m Me
80%
And now our endless summer is finally coming to an end. I tried to make the most of every day but now the years just seem misspent. What Might Have Been
80%
And you don’t have to build a roller coaster to find you own way to make the most of every minute Carpe Diem
75%
His galvanized insides can feel no joy, he wants to be a real boy Real boy
75%
Belt your self. Only way to protect your health. Leave your friends all your hard earned wealth. Drusselstien Driving Test Waltz
70%
I bear lots of animosity to bell hops, they never bring my luggage up on time. And taxi drivers really tax my patience, if they vanished would it really be a crime? My Goody Two-Shoes Brother
70%
She’s Gonna Be a New Sensation Izzy’s Got the Frizzies
65%
YEAH, corkscrewing down the interstate, peanut butter and rubber snakes, clear the way, move over, look out bud, HERE COMES THE MUD Rollercoaster
65%
This could possibly be the best day ever! Today is Gonna Be a Great Day
65%
Something weird’s going on round here, gotta get me some evidence. Some strange goings on happening on the back lawn and it’s getting too intense You’re Not Ferb
65%
Lakes and creeks and ponds are fishes’ toilets, a thimble full will surely be your death. Don’t drink out of a bog, you may ingest a pollywog, and soon you may be drawing your last breath Irving’s Camp Fire Song
55%
I could learn to cook vegetarian, or take a fashion work shop, meditate, calculate, learn to knit a tank top, yoga, hula, clogging, jogging, Extraordinary
45%
They say “There is no ‘I’ in ‘teamwork’” but there’s an ‘m’ and there’s an there’s an ‘e’, that’s ‘me’. Bits of All of Us
25%
I run so fast I get speeding ticket from the stater trooper Feelin’ Super
15%
No matching quizzes found
Score Distribution
Percent of People with Each Score
Percentile by Number Answered
Your Score History
You have not taken this quiz since the last reset